Seulement 20 Pays Sur la Carte du Monde #1 - Statistiques

Statistiques générales
  • Ce quiz a été pris 2 238 fois
  • Le résultat moyen est 17 sur 20
Réponses sur la Carte
Les réponses sont colorées sur une échelle allant du rouge au vert en fonction du pourcentage des utilisateurs qui les ont devinées à leur premier essai. Vous pouvez retrouver ces pourcentages ci-dessous.
 
Statistiques - réponses
Pays % Correct
France
99%
Brésil
98%
Chine
98%
Irlande
96%
Pays-Bas
95%
Estonie
90%
Viêt Nam
89%
Mali
87%
Corée du Sud
86%
République tchèque
86%
Taïwan
83%
Éthiopie
79%
Malaisie
79%
Oman
76%
Ghana
72%
Tanzanie
72%
Guatemala
71%
Guinée
69%
Botswana
67%
Tadjikistan
64%
Aucun quiz correspondant
Distribution des résultats
% des personnes avec chaque résultat
Percentile par nombre de réponses
Votre historique - résultats
Vous n’avez pas pris ce quiz